[Event "IND-ch Blitz"]
[Site "Nashik"]
[Date "2022.04.30"]
[Round "1"]
[White "Raja Sree, Virinchi Vadali"]
[Black "Rathnakaran, Kantholi"]
[Result "0-1"]
[WhiteElo "1331"]
[BlackElo "2337"]
[PlyCount "92"]
[EventDate "2022.04.30"]
[EventType "swiss (blitz)"]
[EventRounds "11"]
[EventCountry "IND"]
[SourceTitle "CBM 208 Extra"]
[Source "ChessBase"]
[SourceDate "2022.07.31"]
[SourceVersion "1"]
[SourceVersionDate "2022.07.31"]
[SourceQuality "1"]

1. e4 e6 2. d4 d5 3. exd5 exd5 4. Nf3 Nf6 5. Bd3 Bd6 6. Qe2+ Be6 7. c4 0-0 8. 0-0 Re8 9. Be3 Nc6 10. c5 Bf8 11. a3 Bg4 12. Qd1 a5 13. Nbd2 h6 14. Qc2 Bd7 15. Rfe1 Ng4 16. Nf1 Qf6 17. Ng3 Nxe3 18. fxe3 b6 19. cxb6 cxb6 20. Rac1 Rac8 21. Qf2 g6 22. e4 h5 23. e5 Qe7 24. Qd2 Bg4 25. Qg5 Bxf3 26. Qxe7 Bxe7 27. gxf3 Nxd4 28. Rxc8 Rxc8 29. Ne2 Nxf3+ 30. Kf2 Nxe1 31. Kxe1 Bg5 32. Nd4 Be3 33. Nf3 Kg7 34. Ke2 d4 35. Be4 Rc1 36. Ne1 f5 37. exf6+ Kxf6 38. Nd3 Ra1 39. Ne1 g5 40. Nd3 g4 41. Ne1 h4 42. Ng2 Ra2 43. Nxe3 dxe3 44. Kxe3 Rxb2 45. a4 Ke5 46. Bc6 Rxh2 0-1